Расчёт ущерба, наносимого твёрдыми отходами фторводородного производства СХК бассейну реки Обь; Проблемы геологии и освоения недр

Bibliografiske detaljer
Parent link:Проблемы геологии и освоения недр.— 2008.— С. 801-803
Hovedforfatter: Цыганкова Т. С. Татьяна Сергеевна
Andre forfattere: Федорчук Ю. М. (научный руководитель)
Sprog:russisk
Udgivet: 2008
Fag:
Format: MixedMaterials Book Chapter
KOHA link:https://koha.lib.tpu.ru/cgi-bin/koha/opac-detail.pl?biblionumber=179372

MARC

LEADER 00000naa2a2200000 4500
001 179372
005 20231221145558.0
035 |a (RuTPU)RU\TPU\book\194445 
090 |a 179372 
100 |a 20100420d2008 k y0rusy50 ca 
101 0 |a rus 
102 |a RU 
200 1 |a Расчёт ущерба, наносимого твёрдыми отходами фторводородного производства СХК бассейну реки Обь  |f Т. С. Цыганкова  |g науч. рук. Ю. М. Федорчук 
320 |a Библиогр.: 9 назв. 
463 0 |0 (RuTPU)RU\TPU\book\164908  |y 5-89503-079-3  |t Проблемы геологии и освоения недр  |o труды XII Международного симпозиума имени академика М. А. Усова студентов и молодых ученых, посвященного 100-летию первого выпуска горных инженеров в Сибири и 90-летию создания Сибгеолкома в России  |f Томский политехнический университет (ТПУ), Институт геологии и нефтегазового дела (ИГНД)  |v С. 801-803  |d 2008  |p 944 с. 
610 1 |a фторводород 
610 1 |a производство 
610 1 |a твёрдые отходы 
610 1 |a загрязнение 
610 1 |a реки 
610 1 |a бассейны рек 
610 1 |a Обь 
610 1 |a сульфат кальция 
610 1 |a экологическая оценка 
610 1 |a труды учёных ТПУ 
700 1 |a Цыганкова  |b Т. С.  |c специалист в области экологии и безопасности жизнедеятельности  |c доцент Томского политехнического университета, кандидат технических наук  |f 1981-  |g Татьяна Сергеевна  |3 (RuTPU)RU\TPU\pers\26710  |9 12368 
702 1 |a Федорчук  |b Ю. М.  |4 727 
801 1 |a RU  |b 63413507  |c 20100420 
801 2 |a RU  |b 63413507  |c 20160420  |g RCR 
942 |c BK